Statistics for Fast Typing Bulbasaur

Click here to take the quiz!

General Stats

  • This quiz has been taken 53 times
  • The average score is 8 of 15

Answer Stats

Answer% Correct
Bulbasaur
100%
Bulbasaur
97%
Bulbasaur
90%
Bulbasaur
83%
Bulbasaur
77%
Bulbasaur
70%
Bulbasaur
60%
Bulbasaur
37%
Bulbasaur
27%
Bulbasaur
27%
Bulbasaur
27%
Bulbasaur
27%
Bulbasaur
27%
Bulbasaur
23%
Bulbasaur
23%

Score Distribution

Percentile by Number Answered

Percent of People with Each Score

Your Score History

You have not taken this quiz